Derecho Público Romano: recepción, jurisdicción y arbitraje

שמור ב:
מידע ביבליוגרפי
מחבר ראשי: Fernández de Buján, Antonio (Author)
פורמט: ספר
שפה:ספרדית
יצא לאור: Pamplona Civitas 2005
סדרה:Tratados y Manuales
נושאים:
תגים: הוספת תג
אין תגיות, היה/י הראשונ/ה לתייג את הרשומה!

MARC

LEADER 00000cam a2200000 a 4500
001 UCG2609
003 CL-VaPUC
008 100715e20050000sp |||||||||||||||||spa|d
020 |a 8447026426 
082 0 4 |a 340.54  |b FER  |2 21 
100 0 |a Fernández de Buján, Antonio  |e author  |9 551096 
245 1 0 |a Derecho Público Romano: recepción, jurisdicción y arbitraje 
300 |a 576 p 
942 |c BK 
945 |d 20100715 00:00:00  |a mfarfan 
260 |a Pamplona  |b Civitas  |c 2005 
650 0 |a Derecho romano  |9 255930 
583 |a last modification  |c 20140806 10:40:18  |k Rodrigo Vera 
490 0 |a Tratados y Manuales 
999 |c 341739  |d 341737 
952 |0 0  |1 0  |4 0  |6 340_540000000000000_FER_2005  |7 0  |8 A  |9 437435  |a BIBDER  |b BIBDER  |d 2019-11-22  |i 4695232  |l 1  |o 340.54 FER 2005  |p 4695232  |r 2023-01-25  |s 2020-03-12  |w 2019-11-22  |y BK  |k DER